000 00442nam a2200169 a 4500
005 20140414132106.0
008 100902s19uu xx 00 eng d
020 _a978-1-84898-085-3
050 _aM 611
_bG57 2010
100 _aGoldsmith, Mike
245 _aMy body.
260 _aGreat Britain :
_bTicktock,
_c2010.
440 _aLet's find about...
650 _aHuman body
_xJuvenile literature
650 _a
_x
_x
999 _c114614
_d114614